De quelle couleur? - Sport - Statistiques

Statistiques générales
  • Ce quiz a été pris 4 855 fois
  • Le résultat moyen est 14 sur 20
Statistiques - réponses
Hint Explanation Réponse % Correct
Maillot du leader du Tour de France Jaune
98%
Voitures de l'écurie Ferrari Rouge
96%
"Carton" de l'exclusion Rouge
93%
Le crocodile Lacoste Vert
93%
Nom de l'équipe néozélandaise de rugby All Black Noir
92%
Les pistes skiables les plus difficiles Noir
92%
L'AS Saint-Étienne Vert
90%
Nom d'un entraîneur de l'Équipe de France puis du PSG Laurent Blanc Blanc
86%
Au golf, gazon autour du trou Le Green Vert
82%
Vêtements portés à Wimbledon Blanc
79%
Gants de boxe Rouge
79%
Maillot principal de l'équipe italienne de football Bleu
74%
Ceinture après la blanche au judo Jaune
71%
Tenue du Stade français Paris Rose
63%
Drapeau agité sur un circuit quand il est interdit de doubler Jaune
46%
But au Hockey sur Glace Rouge
42%
Le journal italien la Gazetta dello Sport Rose
34%
Anneau au tir à l'arc qui vaut 5 ou 6 points Bleu
29%
Anneau central sur le drapeau olympique Noir
26%
Terre battue du tournoi ATP de Madrid en 2012 Bleu
20%
Aucun quiz correspondant
Distribution des résultats
% des personnes avec chaque résultat
Percentile par nombre de réponses
Votre historique - résultats
Vous n’avez pas pris ce quiz